Countries by FIFA World Ranking In Order - Statistics

General Stats
  • This quiz has been taken 71 times
  • The average score is 82 of 211
Answers on the Map
Answers color-coded by a green-red scale on the quiz's map according to % correct below.
 
Answer Stats
Rank Hint Country % Correct
2 CONMEBOL Argentina
100%
3 UEFA France
100%
1 UEFA Spain
100%
5 CONMEBOL Brazil
97%
4 UEFA England
97%
7 UEFA Netherlands
92%
6 UEFA Portugal
92%
8 UEFA Belgium
86%
9 UEFA Germany
86%
11 CAF Morocco
84%
10 UEFA Croatia
81%
12 UEFA Italy
81%
15 CONCACAF Mexico
81%
13 CONMEBOL Colombia
78%
14 CONCACAF United States
78%
16 CONMEBOL Uruguay
78%
24 UEFA Austria
73%
27 CONCACAF Canada
73%
23 CONMEBOL Ecuador
73%
18 AFC Japan
73%
21 UEFA Denmark
70%
20 AFC Iran
70%
29 UEFA Norway
70%
17 UEFA Switzerland
70%
25 UEFA Turkey
70%
31 UEFA Poland
68%
22 AFC South Korea
68%
30 CONCACAF Panama
65%
19 CAF Senegal
65%
28 UEFA Ukraine
65%
39 CONMEBOL Paraguay
62%
26 AFC Australia
59%
53 CONMEBOL Chile
59%
46 UEFA Greece
59%
41 UEFA Hungary
59%
52 CONMEBOL Peru
59%
36 UEFA Scotland
59%
32 UEFA Wales
59%
38 CAF Nigeria
57%
33 UEFA Russia
57%
37 UEFA Serbia
57%
43 UEFA Sweden
57%
48 CONMEBOL Venezuela
57%
35 CAF Algeria
54%
76 CONMEBOL Bolivia
54%
49 CONCACAF Costa Rica
54%
44 UEFA Czechia
54%
69 UEFA Northern Ireland
54%
34 CAF Egypt
54%
64 CONCACAF Honduras
54%
59 UEFA Ireland
54%
70 CONCACAF Jamaica
54%
51 AFC Qatar
54%
47 UEFA Romania
54%
60 AFC Saudi Arabia
54%
45 UEFA Slovakia
54%
50 AFC Uzbekistan
54%
63 UEFA Albania
51%
62 CAF Burkina Faso
51%
57 CAF Cameroon
51%
71 UEFA Bosnia and Herzegovina
51%
56 CAF Democratic Republic of the Congo
51%
67 AFC United Arab Emirates
51%
75 UEFA Finland
51%
73 UEFA Georgia
51%
72 CAF Ghana
51%
58 AFC Iraq
51%
42 CAF Ivory Coast
51%
54 CAF Mali
51%
55 UEFA Slovenia
51%
61 CAF South Africa
51%
40 CAF Tunisia
51%
68 CAF Cape Verde
49%
65 UEFA North Macedonia
49%
74 UEFA Iceland
49%
66 AFC Jordan
49%
78 CAF Gabon
46%
81 CAF Guinea
46%
84 CONCACAF Haiti
46%
77 UEFA Israel
46%
86 OFC New Zealand
46%
94 CONCACAF Guatemala
43%
80 UEFA Kosovo
43%
79 AFC Oman
43%
88 UEFA Bulgaria
41%
93 AFC China
41%
82 CONCACAF Curaçao
41%
100 CONCACAF El Salvador
41%
83 UEFA Montenegro
41%
87 AFC Syria
41%
85 CAF Uganda
41%
89 CAF Angola
38%
106 UEFA Armenia
38%
99 UEFA Belarus
38%
92 CAF Benin
38%
98 CONCACAF Trinidad and Tobago
38%
104 AFC Kyrgyzstan
38%
107 AFC Lebanon
38%
103 UEFA Luxembourg
38%
105 CAF Madagascar
38%
96 AFC Palestine
38%
101 AFC Tajikistan
38%
95 AFC Thailand
38%
90 CAF Zambia
38%
91 AFC Bahrain
35%
115 UEFA Kazakhstan
35%
102 CAF Mozambique
35%
97 CAF Equatorial Guinea
32%
108 CAF Comoros
30%
128 UEFA Cyprus
30%
125 UEFA Faroe Islands
30%
122 AFC Indonesia
30%
113 CAF Kenya
30%
111 CAF Libya
30%
116 AFC Malaysia
30%
114 CAF Mauritania
30%
109 CAF Niger
30%
120 AFC North Korea
30%
123 CONCACAF Suriname
30%
112 CAF Tanzania
30%
110 AFC Vietnam
30%
127 UEFA Azerbaijan
27%
130 UEFA Estonia
27%
117 CAF Gambia
27%
132 CONCACAF Nicaragua
27%
118 CAF Sudan
27%
126 CAF Malawi
24%
119 CAF Namibia
24%
121 CAF Sierra Leone
24%
124 CAF Togo
24%
129 CAF Zimbabwe
24%
143 CONCACAF Dominican Republic
22%
149 OFC New Caledonia
22%
142 AFC India
22%
135 AFC Kuwait
22%
140 UEFA Latvia
22%
146 UEFA Lithuania
22%
136 AFC Philippines
22%
131 CAF Rwanda
22%
137 AFC Turkmenistan
22%
148 AFC Yemen
22%
172 UEFA Andorra
19%
138 CAF Botswana
19%
166 CONCACAF Cuba
19%
134 CAF Republic of the Congo
19%
152 OFC Solomon Islands
19%
202 UEFA Gibraltar
19%
133 CAF Guinea-Bissau
19%
150 CONCACAF Guyana
19%
205 UEFA Liechtenstein
19%
161 UEFA Malta
19%
158 UEFA Moldova
19%
185 AFC Mongolia
19%
210 UEFA San Marino
19%
162 AFC Afghanistan
16%
184 OFC American Samoa
16%
209 CONCACAF Anguilla
16%
191 CONCACAF Aruba
16%
206 CONCACAF Bahamas
16%
180 AFC Bangladesh
16%
178 CONCACAF Barbados
16%
181 CONCACAF Belize
16%
169 CONCACAF Bermuda
16%
192 AFC Bhutan
16%
189 AFC Brunei
16%
145 CAF Burundi
16%
179 AFC Cambodia
16%
195 CONCACAF Cayman Islands
16%
186 OFC Cook Islands
16%
165 CONCACAF Antigua and Barbuda
16%
208 CONCACAF British Virgin Islands
16%
139 CAF Central African Republic
16%
170 OFC Papua New Guinea
16%
154 CONCACAF Saint Kitts and Nevis
16%
171 CONCACAF Saint Vincent and the Grenadines
16%
204 CONCACAF Turks and Caicos Islands
16%
207 CONCACAF U.S. Virgin Islands
16%
196 CAF Djibouti
16%
183 CONCACAF Dominica
16%
198 AFC East Timor
16%
N/A CAF Eritrea
16%
147 CAF Ethiopia
16%
155 OFC Fiji
16%
164 CONCACAF Grenada
16%
201 AFC Guam
16%
153 AFC Hong Kong
16%
187 AFC Laos
16%
144 CAF Lesotho
16%
141 CAF Liberia
16%
193 AFC Macau
16%
173 AFC Maldives
16%
176 CAF Mauritius
16%
175 CONCACAF Montserrat
16%
163 AFC Myanmar
16%
182 AFC Nepal
16%
199 AFC Pakistan
16%
156 CONCACAF Puerto Rico
16%
167 CONCACAF Saint Lucia
16%
188 OFC Samoa
16%
190 CAF São Tomé and Príncipe
16%
203 CAF Seychelles
16%
151 AFC Singapore
16%
200 CAF Somalia
16%
194 AFC Sri Lanka
16%
157 OFC Tahiti
16%
174 AFC Taiwan
16%
197 OFC Tonga
16%
160 OFC Vanuatu
16%
177 CAF Chad
14%
159 CAF Eswatini
14%
168 CAF South Sudan
14%
No matching quizzes found
Score Distribution
Percent of People with Each Score
Percentile by Number Answered
Your Score History
You have not taken this quiz